| 000 | 00617nam a2200133Ia 4500 | ||
|---|---|---|---|
| 008 | 171207s9999 xx 000 0 und d | ||
| 100 | _aChen, Haibo | ||
| 245 | _aFast In-Memory Transaction Processing Using RDMA and HTM | ||
| 245 | _cHaibo Chen, Rong Chen, Xingda Wei, Jiaxin Shi, Yanzhe Chen, Zhaoguo Wang, Binyu Zang, Haibing Guan | ||
| 260 | _c2017 | ||
| 300 | _apages , July 2017 | ||
| 440 |
_aACM Transactions on Computer Systems _v35:1 |
||
| 650 | _aINFORMATION SYSTEMS; DATABASE TRANSACTION PROCESSING; KEY-VALUE STORES; DISTRIBUTED DATABASE TRANSACTIONS; COMPUTER SYSTEMS ORGANIZATION; MULTICORE ACHITECTURES | ||
| 999 |
_c347607 _d347607 |
||